| 000 | 00746cab a2200241 4500 | ||
|---|---|---|---|
| 001 | WB3125-23 | ||
| 008 | 090401t1995 xxu||||| |||| 00| 0 eng d | ||
| 035 | _a(Sirsi) u15222 | ||
| 041 | _aeng | ||
| 245 | _aEstate revamps fail to cut crime | ||
| 260 | _c1995 | ||
| 350 | _a0 | ||
| 490 |
_aGuardian _v30 June 1995, 7(1) |
||
| 520 | _aIn a report for Joseph Rowntree, the Safe Neighbourhoods Unit research charity claims that expensive measures to curb crime on housing estates have failed. | ||
| 650 | _aCLOSED CIRCUIT TELEVISION | ||
| 650 | _aHOUSING ESTATES | ||
| 650 | _aHOUSING MANAGEMENT | ||
| 650 | _aJOSEPH ROWNTREE FOUNDATION | ||
| 650 | _aVANDALISM | ||
| 690 |
_aBlock management _96220 |
||
| 942 | _n0 | ||
| 948 | _c04/03/1997 | ||
| 999 |
_c9957 _d9957 |
||